| 000 | 00779nam a2200205Ia 4500 | ||
|---|---|---|---|
| 003 | 0 | ||
| 005 | 20250129095932.0 | ||
| 008 | 190208s9999 xx 000 0 und d | ||
| 050 |
_aPGS JQ 1449.P6 _b.B352 2016 |
||
| 100 | _aBautista, Juan Diego A. | ||
| 245 |
_aThe Perceptions of Ayala Alabang camera club members on Philippine politics / _cJuan Diego A. Bautista. |
||
| 260 |
_aLas Pinas City, Philippines : _bSouthville International School and Colleges, _c2016. |
||
| 300 |
_a23 p. : _bill. ; _c28 cm. |
||
| 504 | _aIncludes bibliographical references. | ||
| 650 |
_aPolitics and government _vPhilippines. |
||
| 650 |
_aPolitical perceptions _vPhilippines. |
||
| 650 | _aPerception (Social psychology). | ||
| 650 |
_aPolitical attitudes _vPhilippines. |
||
| 942 |
_2lcc _cPASS |
||
| 999 |
_c361283 _d361283 |
||